| 000 | 00380nam a2200169Ia 4500 | ||
|---|---|---|---|
| 008 | 210210b1961 xxu||||| |||| 00| 0 eng d | ||
| 041 | _aeng | ||
| 082 | _a330/486 | ||
| 100 | _aYSURN (Shigets) Ed | ||
| 245 | _aHas capitalism changed? | ||
| 260 |
_aTokyo _b- _c1961 |
||
| 650 | _aHas | ||
| 650 | _achanged? | ||
| 650 | _acapitalism | ||
| 690 | _aEconomics | ||
| 906 | _a003889 | ||
| 999 |
_c121480 _d121480 |
||